Mystery Case Files: Madame Fate elements - Statistics

General Stats
  • This quiz has been taken 77 times
    64 since last reset
  • The average score is 321 of 536
Answer Stats
# ELEMENTS % Correct
47 Apple
100%
432 Balloon
89%
157 Banana
89%
128 Bear
89%
430 Bone
89%
1 Broccoli
89%
46 Bucket
89%
147 Camera
89%
512 Can
89%
526 Car
89%
15 Cat
89%
87 Dog
89%
178 Egg
89%
111 Eye
89%
100 Fish
89%
267 Flute
89%
131 Foot
89%
167 Fork
89%
19 Frog
89%
200 Giraffe
89%
357 Glasses
89%
59 Hammer
89%
346 Hand
89%
136 Hat
89%
94 Horse
89%
17 Key
89%
32 Knife
89%
67 Lightbulb
89%
303 Meat
89%
448 One
89%
354 Or
89%
76 Pen
89%
234 Pencil
89%
3 Pepper
89%
115 Phone
89%
31 Plane
89%
493 Pot
89%
287 Potato
89%
108 Robot
89%
151 Scissors
89%
28 Spider
89%
29 Star
89%
257 Sun
89%
192 Ten
89%
5 Tooth
89%
44 Basket
78%
133 Bicycle
78%
495 Bird
78%
536 Blackberry
78%
486 Blueberry
78%
98 Boat
78%
417 Books
78%
140 Boots
78%
43 Bottle
78%
78 Bow
78%
74 Butterfly
78%
148 Card
78%
69 Caterpillar
78%
539 Cheese
78%
120 Comb
78%
301 Corn
78%
528 Cow
78%
126 Crab
78%
143 Crowbar
78%
96 Crown
78%
155 Cup
78%
37 Devil
78%
326 Dinosaur
78%
117 Dragon
78%
361 Eagle
78%
130 Earring
78%
152 Elephant
78%
368 Eraser
78%
139 Fan
78%
408 Flag
78%
468 Flower
78%
6 Fly
78%
484 Grenade
78%
186 Hamburger
78%
4 Heart
78%
251 Ice cream
78%
195 Kiwi
78%
242 Ladder
78%
351 Lightning bolt
78%
180 Lipstick
78%
322 Magnet
78%
107 Marble
78%
83 Mask
78%
2 Microphone
78%
113 Moon
78%
137 Mouse
78%
201 Nails
78%
474 Necklace
78%
473 Octopus
78%
328 Olive
78%
238 Owl
78%
193 Pacifier
78%
253 Paintbrush
78%
185 Panda
78%
127 Pants
78%
520 Peach
78%
318 Peanut
78%
24 Pear
78%
286 Peas
78%
438 Pickle
78%
30 Pig
78%
222 Pill
78%
425 Rabbit
78%
164 Raccoon
78%
333 Rainbow
78%
172 Rake
78%
503 Rat
78%
310 Razor
78%
75 Rose
78%
142 Ruler
78%
341 Screw
78%
196 Shark
78%
452 Shirt
78%
73 Shoes
78%
84 Snake
78%
502 Snowflake
78%
191 Spoon
78%
457 Stool
78%
429 Straw
78%
64 Strawberry
78%
132 Sword
78%
62 Telescope
78%
66 Tomato
78%
308 Top
78%
35 Train
78%
327 Turtle
78%
80 Umbrella
78%
119 Wand
78%
381 Watermelon
78%
436 Wheel
78%
150 Wrench
78%
508 Africa
67%
278 Anchor
67%
79 Ant
67%
433 Anvil
67%
362 Arrow
67%
524 Asparagus
67%
235 Axe
67%
296 Bacon
67%
290 Badge
67%
9 Baseball
67%
490 Baseball glove
67%
271 Basketball
67%
291 Beer can
67%
89 Bell
67%
299 Bicycle pump
67%
479 Bison
67%
247 Bobber
67%
422 Bomb
67%
221 Bowling Ball
67%
331 Bowling pin
67%
297 Brain
67%
469 Bread
67%
207 Button
67%
212 Cake
67%
313 Candy cane
67%
371 Candy corn
67%
314 Caramel apple
67%
450 Cauliflower
67%
338 Cherry
67%
424 Chicken
67%
259 Chopsticks
67%
121 Claw
67%
441 Clock
67%
504 Clown
67%
356 Clown nose
67%
363 Clown wig
67%
268 Club
67%
500 Coins
67%
49 Cookie
67%
203 Cupcake
67%
7 Dart
67%
160 Doll
67%
124 Doughnut
67%
302 Drums
67%
33 Duck
67%
254 Egg roll
67%
395 Egg shells
67%
105 Envelope
67%
97 Feather
67%
81 Fire extinguisher
67%
306 Football
67%
209 Foot print
67%
478 Frame
67%
283 French fries
67%
194 Gem
67%
16 Glove
67%
198 Green onion
67%
171 Gumball machine
67%
56 Hairbrush
67%
447 Handcuffs
67%
387 Handprint
67%
175 Hanger
67%
173 Harmonica
67%
34 Harp
67%
224 Hook
67%
288 Hose
67%
248 Hot Air Balloon
67%
359 Hula dancer
67%
384 Ice tray
67%
483 Iguana
67%
497 Jalapeno
67%
393 Keyhole
67%
102 King
67%
461 Lamp
67%
442 Lantern
67%
39 Lemon
67%
217 Lighter
67%
304 Lime
67%
365 Lizard
67%
114 Lobster
67%
101 Lock
67%
309 Lunch box
67%
300 Magnifying glass
67%
494 Mail box
67%
523 Makeup brush
67%
187 Money
67%
138 Mortar and pestle
67%
369 Noose
67%
513 No walking
67%
246 Nut
67%
415 Paddle
67%
355 Paper clip
67%
421 Paper plane
67%
95 Parrot
67%
372 Party hat
67%
218 Paw print
67%
463 Penguin
67%
190 Pipe
67%
312 Pipe wrench
67%
344 Pistachio
67%
233 Pizza cutter
67%
226 Pocket knife
67%
366 Pound sign
67%
219 Purse
67%
103 Queen
67%
364 Raccoon tail
67%
71 Raspberry
67%
146 Record
67%
458 Red cabbage
67%
440 Ribbon
67%
48 Rope
67%
492 Salami
67%
141 Sandwich
67%
21 Saw blade
67%
260 Sceptre
67%
225 Screwdriver
67%
250 Seahorse
67%
343 Shrimp
67%
22 Skull
67%
135 Sock
67%
269 Soda can
67%
227 Sombrero
67%
277 Space shuttle
67%
403 Spade
67%
426 Spigot
67%
518 Sprinkler nozzle
67%
159 Squash
67%
292 Statue
67%
109 Stethoscope
67%
208 Sushi roll
67%
256 Tape
67%
240 Teeth
67%
460 Television
67%
270 Thermos
67%
179 Three
67%
11 Ticket
67%
245 Tic tac toe
67%
339 Toilet
67%
70 Toothbrush
67%
323 Toy soldier
67%
544 Tree
67%
454 T-Square
67%
394 Tulip
67%
206 Walkie talkie
67%
353 Wood stove
67%
342 Yin and Yang
67%
199 Zebra
67%
307 Accordion
56%
392 Anemone
56%
129 Antenna
56%
211 Arrowhead
56%
12 Baby bottle
56%
481 Baguette
56%
237 Ball and jack
56%
189 Ballerina
56%
334 Banana peel
56%
36 Bass
56%
383 Bat
56%
400 Beach ball
56%
401 Beetle
56%
414 Bird carving
56%
496 Bone knife
56%
184 Bowler
56%
311 Brass horn
56%
112 Brooch
56%
375 Broom
56%
435 Bullet
56%
507 Calculator
56%
263 Canoe
56%
499 Captains hat
56%
538 Car jack
56%
183 Chair
56%
265 Cherry bomb
56%
125 Chess piece
56%
360 Claw mark
56%
63 Cleaver
56%
215 Cocktail
56%
214 Coffee grinder
56%
153 Compass
56%
423 Dartboard
56%
92 Dice
56%
397 Dinner knife
56%
86 Dog biscuit
56%
289 Dollar sign
56%
41 Dolly
56%
337 Drill bit
56%
485 Eye patch
56%
498 Fire alarm
56%
241 Fire hydrant
56%
229 Fish lure
56%
377 Flamingo
56%
8 Flashlight
56%
51 Flask
56%
398 Forked tongue
56%
93 French horn
56%
406 Fried egg
56%
294 Gas mask
56%
72 Gasoline
56%
42 Grapes
56%
407 Green arrow
56%
529 Gumdrops
56%
60 Helmet
56%
491 Honey dipper
56%
280 Horn
56%
55 Hotdog
56%
50 Iron
56%
104 Jack
56%
210 Jewelry box
56%
320 Ladybug
56%
54 License plate
56%
281 Machete
56%
276 Mandolin
56%
295 Manual drill
56%
352 Meat hook
56%
347 Meat tenderizer
56%
23 Microscope
56%
279 Monkey
56%
91 Moonshine
56%
412 Neck tie
56%
511 North Pole
56%
487 Nun chuks
56%
367 Onion ring
56%
391 Orange
56%
410 Orange 3
56%
261 Orca
56%
525 Ornament
56%
177 Palette knife
56%
515 Paper bag
56%
321 Pearls
56%
232 Pencil sharpener
56%
26 Pie
56%
204 Piggy bank
56%
40 Pineapple
56%
316 Pinecone
56%
531 Pinwheel
56%
165 Pistol
56%
336 Plastic bandage
56%
202 Pliers
56%
85 Popcorn
56%
477 Potted plant
56%
389 Pouch
56%
118 Puzzle piece
56%
475 Reel
56%
466 Rice
56%
68 Ring
56%
252 Rocking horse
56%
161 Salt shaker
56%
409 Saturn
56%
390 Sausages
56%
149 Sea monster
56%
25 Sewing aid
56%
446 Shackles
56%
231 Shell
56%
373 Shoe horn
56%
144 Ski poles
56%
514 Sleepy
56%
166 Sleigh
56%
264 Snorkel
56%
488 Soccer ball
56%
530 Soldier
56%
434 Spider web
56%
411 Spike
56%
170 Spool
56%
459 Steering wheel
56%
340 Suitcase
56%
53 Sundae
56%
482 Sweet roll
56%
284 Taco
56%
57 Takeout
56%
396 Tambourine
56%
223 Tape measure
56%
90 Target
56%
305 Tennis paddle
56%
228 Test tube
56%
541 Thimble
56%
317 TNT
56%
521 Toothpicks
56%
374 Traffic cone
56%
418 Trash bag
56%
476 Trash can
56%
134 Tubers
56%
156 Watering can
56%
330 Whittle ball
56%
205 Windmill
56%
262 Wishing well
56%
106 Wolf
56%
519 Wristwatch
56%
489 Add
44%
52 Artichoke
44%
293 Avocado
44%
122 Beets
44%
382 Belt
44%
162 Binoculars
44%
385 Bottle cap
44%
18 Bottle opener
44%
10 Butcher knife
44%
272 Coffee mug
44%
182 Date stamper
44%
506 Deer
44%
285 Eight ball
44%
527 Ginger bread
44%
154 Gnome
44%
378 Goblet
44%
243 Grater
44%
145 Horseshoe
44%
88 Jack in the box
44%
386 Kiss
44%
258 Life preserver
44%
319 Lion
44%
82 Lollipop
44%
455 Megaphone
44%
181 Napkin
44%
545 Nest
44%
45 Oil can
44%
522 Papaya
44%
535 Patch
44%
61 Phone receiver
44%
13 Pretzel
44%
27 Radio
44%
110 Rooster
44%
449 Santa hat
44%
282 Shovel
44%
38 Shuttlecock
44%
402 Socket
44%
116 Stamp
44%
546 Stamper
44%
99 Stapler
44%
419 Stocking
44%
213 Teddy Bear
44%
437 Trophy
44%
158 Tuning fork
44%
380 Wine bag
44%
65 Yarn
44%
537 Beehive
33%
255 Carrot
33%
428 Coconut
33%
324 Corndog
33%
174 Gavel
33%
379 Match
33%
275 Musical symbol
33%
239 Peace sign
33%
358 Poker
33%
431 Protractor
33%
348 Scorpion
33%
462 Scroll
33%
370 Snail
33%
14 Spring
33%
266 Starfish
33%
345 Steak
33%
163 Tiki
33%
197 Totem pole
33%
216 Triangle
33%
471 Vase
33%
176 Waffle
33%
169 Wallet
33%
236 Water pistol
33%
443 XOXO
33%
405 Amoeba
22%
399 B-6
22%
451 Blender
22%
427 Cactus
22%
58 Clothes pin
22%
439 Clubs
22%
220 Copyright
22%
510 Domino
22%
168 French curve
22%
480 Gear
22%
123 Grasshopper
22%
472 Hand plane
22%
350 Icepick
22%
249 Leaf
22%
244 Maple leaf
22%
416 Pickaxe
22%
298 Plunger
22%
465 Point
22%
456 Scale
22%
420 Scythe
22%
505 Tart
22%
413 Bellows
11%
534 Clamp
11%
467 Mahjong tile
11%
501 Praying mantis
11%
517 Question
11%
509 Sink plug
11%
332 Smiley
11%
532 Wheat
11%
315 Zipper
11%
533 Armadillo
0%
470 Bamboo
0%
335 Boomerang
0%
230 Chisel
0%
188 Collar
0%
464 Drumsticks
0%
325 Globe
0%
388 Hatchet
0%
349 Infinity
0%
453 Maracas
0%
376 Mushroom
0%
329 Nacho
0%
445 Savings
0%
No matching quizzes found
Score Distribution
Percent of People with Each Score
Percentile by Number Answered
Your Score History
You have not taken this quiz since the last reset